ՀՀ Գիտությունների ազգային ակադեմիայի հիմնարար գիտական գրադարան  =   Fundamental Scientific Library of NAS RA

Девятая пятилетка: достижения экономики развитого социализма : (Record no. 108173)

MARC details
000 -LEADER
fixed length control field 00866nam a2200205 u 4500
001 - CONTROL NUMBER
control field 000294912
003 - CONTROL NUMBER IDENTIFIER
control field AM-YeHGA
005 - DATE AND TIME OF LATEST TRANSACTION
control field 20250617125955.0
008 - FIXED-LENGTH DATA ELEMENTS--GENERAL INFORMATION
fixed length control field 031217s1976 ||||||||||||||||||||rus d
040 ## - CATALOGING SOURCE
Original cataloging agency AM-YeHGA
041 0# - LANGUAGE CODE
Language code of text/sound track or separate title rus
090 ## - LOCALLY ASSIGNED LC-TYPE CALL NUMBER (OCLC); LOCAL CALL NUMBER (RLIN)
-- 109501
100 1# - MAIN ENTRY--PERSONAL NAME
Personal name Найденов, Виктор Сергеевич.
245 10 - TITLE STATEMENT
Title Девятая пятилетка: достижения экономики развитого социализма :
Remainder of title На материалах Украинской ССР /
Statement of responsibility, etc. В.С. Найденов, А.В. Шиляева, Н.Г. Гребенченко.
260 ## - PUBLICATION, DISTRIBUTION, ETC.
Place of publication, distribution, etc. Киев :
Name of publisher, distributor, etc. Вища шк,
Date of publication, distribution, etc. 1976.
300 ## - PHYSICAL DESCRIPTION
Extent 192 с.
650 14 - SUBJECT ADDED ENTRY--TOPICAL TERM
Topical term or geographic name entry element Экономика народного хозяйства
700 1# - ADDED ENTRY--PERSONAL NAME
Personal name Шиляева, Ада Васильевна
700 1# - ADDED ENTRY--PERSONAL NAME
Personal name Гребенченко, Нина Григорьевна
Holdings
Withdrawn status Lost status Damaged status Not for loan Collection Home library Current library Date acquired Total checkouts Full call number Barcode Date last seen Price effective from Koha item type Public note
        General Fundamental Scientific Library Fundamental Scientific Library 22/12/2016   РII/387782 FL0376461 22/12/2016 22/12/2016 Գրքեր / Books 30 Days Loan


ՀՀ ԳԱԱ հիմնարար գիտական գրադարան
ՀՀ,Երևան 0019
Մարշալ Բաղրամյան 24/6
հեռախոս:(374-10) 52-47-50
Հետադարձ կապ

All site content, except where otherwise noted, is licensed under a
Creative Commons License